Представление документа в формате RUSMARC

ПолеНазваниеЗначение
  Тип записи a
  Библиографический уровень a
001 Контрольный номер RU/CBS_UL/BASE/717cb26b68904abcb19cdfbec1ae816f
005 Дата корректировки 20260128152215.3
100 Данные общей обработки __
a Данные общей обработки 20260128 ||| 0rusy0189 ca
101 Язык документа 0_
a Язык текста rus
102 Страна публикации __
a Страна публикации RU
200 Заглавие и сведения об ответственности 1_
a Заглавие Молчаньем минувшему не мешай
e Сведения, относящиеся к заглавию [80 лет со дня рождения поэтессы Елены Кацюбы (1946-2020)]
300 Общие примечания __
a Общие примечания 16+
461 Уровень набора _0
1 2000
a Литературная газета
463 Уровень физической единицы _0
1 2000
a № 3 (21-27 янв.)
v С. 22
1 2101
d 2026
1 001RU/CBS_UL/BASE/e26fcf8958cf478499dd3ff01c7e7e76
600 Персоналии _1
a Персоналии (Фамилия) Кацюба
b Персоналии (Имя, инициалы) Е.А.
606 Тематические рубрики 0_
a Основная рубрика Кацюба, Елена Александровна (1946-2020)
610 Ключевые слова 0_
a Ключевые слова российские поэтессы
610 Ключевые слова 0_
a Ключевые слова московские поэтессы
610 Ключевые слова 0_
a Ключевые слова российское литературоведение
610 Ключевые слова 0_
a Ключевые слова литературоведение
610 Ключевые слова 0_
a Ключевые слова поэты; поэтессы
610 Ключевые слова 0_
a Ключевые слова арт-дизайнеры
686 Индексы других классификаций __
a Классификационный индекс 83.3(2Рос=Рус)6
801 Источник записи _0
a Страна RU
b Организация МБУК ЦБС г. Ульяновска
c Дата составления 20260128
g Правила каталогизации RCR
801 Источник записи _1
a Страна RU
b Организация МБУК ЦБС г. Ульяновска
c Дата составления 20260128
g Правила каталогизации RCR
901 Тип документа __
t Тип документа f
w Контрольный № источника RU/CBS_UL/BASE/e26fcf8958cf478499dd3ff01c7e7e76
909 Создатель записи __
a Создатель записи mbo